NFL Fantasy Leaders 2024-2025 - Statistics

General Stats
  • This quiz has been taken 2,165 times
  • The average score is 30 of 80
Answer Stats
Points Player % Correct
QB 385 Josh Allen
97%
QB 411.4 Lamar Jackson
97%
RB 355.3 Saquon Barkley
87%
QB 294 Patrick Mahomes
86%
WR 377.4 Ja'Marr Chase
85%
QB 367.8 Joe Burrow
82%
RB 306.3 Derrick Henry
79%
WR 309.1 Justin Jefferson
79%
WR 302.5 Amon-Ra St. Brown
74%
TE 195.4 Travis Kelce
73%
QB 320.1 Jalen Hurts
71%
RB 316.9 Jahmyr Gibbs
70%
QB 360.6 Jayden Daniels
70%
WR 216.9 AJ Brown
68%
RB 255 Chase Brown
68%
TE 203.7 Jonnu Smith
67%
TE 247.7 Brock Bowers
66%
QB 325.2 Jared Goff
65%
TE 231.9 George Kittle
59%
QB 359.2 Baker Mayfield
58%
RB 310.4 Bijan Robinson
57%
RB 272.1 Kyren Williams
55%
RB 281.5 Josh Jacobs
50%
QB 312.3 Sam Darnold
47%
WR 214.2 Tyreek Hill
46%
WR 263.4 CeeDee Lamb
45%
RB 221.7 David Montgomery
45%
QB 295.7 Bo Nix
44%
TE 230.3 Trey McBride
43%
RB 229.1 Aaron Jones
40%
WR 242.8 Garrett Wilson
40%
RB 257.9 James Cook
39%
RB 219.7 Jonathan Taylor
39%
K 171 Brandon Aubrey
38%
TE 173.4 Mark Andrews
38%
K 128 Justin Tucker
37%
WR 220.5 Davante Adams
36%
RB 281.8 De'Von Achane
36%
TE 161.3 Sam LaPorta
35%
WR 266.7 Brian Thomas Jr.
34%
RB 236.7 Joe Mixon
34%
WR 256.2 Malik Nabers
33%
WR 212.8 Tee Higgins
33%
K 181 Chris Boswell
32%
RB 228 Bucky Irving
30%
WR 222.5 Mike Evans
29%
RB 265.3 Alvin Kamara
27%
RB 222.7 Breece Hall
26%
WR 247.6 Terry McLaurin
26%
WR 240.1 Drake London
25%
WR 247.7 Jaxon Smith-Njigba
22%
RB 253.8 James Conner
21%
RB 241.6 Chuba Hubbard
20%
RB 202 D'Andre Swift
19%
WR 216 DJ Moore
16%
TE 148.5 David Njoku
15%
WR 211.5 Jordan Addison
15%
WR 224.4 Ladd McConkey
15%
WR 228.6 Jerry Jeudy
14%
RB 199.6 Rachaad White
14%
D/ST 174 Broncos
13%
K 159 Cameron Dicker
13%
WR 219.5 Courtland Sutton
13%
D/ST 147 Eagles
12%
K 147 Jake Bates
12%
D/ST 154 Steelers
12%
TE 155.7 Tucker Kraft
11%
K 160 Ka'imi Fairbairn
10%
TE 162 Zach Ertz
10%
D/ST 146 Bills
9%
D/ST 130 Lions
9%
D/ST 156 Packers
9%
D/ST 166 Vikings
9%
D/ST 133 Chargers
8%
D/ST 137 Texans
7%
K 132 Tyler Bass
7%
K 152 Jason Sanders
6%
D/ST 144 Seahawks
6%
K 149 Chase McLaughlin
5%
K 149 Wil Lutz
5%
No matching quizzes found
Score Distribution
Percent of People with Each Score
Percentile by Number Answered
Your Score History
You have not taken this quiz